000 05811cam a22019814i 4500
003 PE-LiUPU
005 20250813165451.0
008 170724s2005 sp a ri 001 0 spa d
020 _a8445813137
_q(v. 1)
020 _a8445813145
_q(v. 2)
020 _a8445813153
_q(v. 3)
020 _a8445813161
_q(v. 4)
020 _a9788445813133
_q(v. 1)
020 _a9788445813140
_q(v. 2)
020 _a9788445813157
_q(v. 3)
020 _a9788445813164
_q(v. 4)
035 _a(Sirsi) a237977
040 _aPE-LiUPU
_bspa
_cPE-LiUPU
_erda
049 _aPRUA
082 0 4 _a611
_bR869a
_221
100 1 _aRouvière, Henri,
_d1876-1952 ,
_eautor.
245 1 0 _aAnatomía humana :
_bdescriptiva, topográfica y funcional /
_cHenri Rouvière y André Delmas; revisado por Vincent Delmas.
250 _aUndécima edición.
264 1 _aBarcelona :
_bMasson,
_c2005.
300 _a4 volumenes :
_bilustraciones ;
_c25 centímetros.
336 _atext
_2rdacontent
337 _aunmediated
_2rdamedia
338 _avolume
_2rdacarrier
504 _aÍndices: páginas 629-653 (tomo 1).
504 _aÍndices: páginas 697-722 (tomo 2).
504 _aÍndices: páginas 653-673 (tomo 3).
504 _aÍndices: páginas 391-408 (tomo 4).
505 0 _aTomo 1:
_tConsideraciones generales sobre la anatomía humana -- Anatomía descriptiva de la cabeza y del cuello -- Anatomía topográfica de la cabeza y del cuello
505 0 _aTomo 2:
_tEl tronco. aspecto general, división topografía -- Esqueleto del tronco -- Articulaciones del tronco -- Músculos del tronco -- Corazón y vasos del tronco -- Nervios del tronco -- Vísceras del tronco -- Anatomía topográfica del periné.
505 0 _aTomo 3:
_tAnatomía descriptiva del miembro superior -- Anatomía topográfica del miembro superior -- Anatomía funcional del miembro superior --Anatomía descriptiva del miembro inferior -- Anatomía topográfica del miembro inferior -- Anatomía funcional del miembro inferior.
505 0 _aTomo 4:
_tAnatomía descriptiva del sistema nervioso central -- Sistema nervioso autónomo -- Meninges y vasos del sistema nerviosos central -- Anatomía funcional del sistema nervioso.
526 _aP203
526 _aP200
526 _aSEG65
526 _aSEG64
526 _aSEG63
526 _aSEG62
526 _aSEG61
526 _aSEG60
526 _aSEG59
526 _aSEG58
526 _aSEG57
526 _aSEG56
526 _aSEG55
526 _aSEG54
526 _aSEG53
526 _aSEG52
526 _aSEG51
526 _aSEG50
526 _aSEG49
526 _aSEG48
526 _aSEG47
526 _aSEG46
526 _aSEG24
526 _aSEG23
526 _aSEG22
526 _aSEG21
526 _aSEG20
526 _aSEG19
526 _aSEG18
526 _aSEG17
526 _aSEG16
526 _aSEG14
526 _aSEG13
526 _aSEG12
526 _aSEG11
526 _aSEG10
526 _aSEG09
526 _aSEG06
526 _aSEG05
526 _aSEG04
526 _aSEG03
526 _aSEG02
526 _aSEG68
526 _aSEG66
526 _aSEG45
526 _aSEG25
526 _aSEG01
526 _aP163
526 _aP162
526 _aP161
526 _aP160
526 _aP159
526 _aP158
526 _aP157
526 _aP156
526 _aP155
526 _aP154
526 _aP153
526 _aP152
526 _aP151
526 _aP150
526 _aP149
526 _aP142
526 _aP141
526 _aP140
526 _aP139
526 _aP138
526 _aP137
526 _aP132
526 _aP131
526 _aP130
526 _aP126
526 _aP125
526 _aP124
526 _aP123
526 _aP115
526 _aP122
526 _aP121
526 _aP116
526 _a P114
526 _aP112
526 _aP111
526 _aP104
526 _aP103
526 _aP102
526 _aP101
526 _aP100
526 _aP96
526 _aP95
526 _aP93
526 _aP92
526 _aP91
526 _aP88
526 _aP83
526 _aP82
526 _aP79
526 _aP78
526 _aP75
526 _aP74
526 _aP71
526 _aP69
526 _a P51
526 _aP49
526 _aP48
526 _aP47
526 _aP33
526 _aP31
526 _a P30
526 _aP29
526 _aP27
526 _aP26
526 _aP25
526 _aP24
526 _a P22
526 _aP10
526 _aP09
526 _a P08
526 _aP06
526 _aP05
526 _aP04
526 _aP01
650 1 4 _aAnatomía humana.
_9670
700 1 _aDelmas, André,
_d1913-
_ecoautor.
910 _ajck
942 _2ddc
_cBK
949 _a611 R86
_wDEWEY
_c1
_i76271
_lCATALOGING
_mBUL
_p59.00
_r0
_sY
_tBOOK
_u2017-07-24
_xSALUD
_0COMPRA
_o.CIRCNOTE. El documento es de alto precio.
_o.STAFF. Colección Ciencias de la Salud
949 _a611 R86
_wDEWEY
_c2
_i76272
_lCATALOGING
_mBUL
_p59.00
_r0
_sY
_tBOOK
_u2017-07-24
_xSALUD
_0COMPRA
_o.CIRCNOTE. El documento es de alto precio.
_o.STAFF. Colección Ciencias de la Salud
949 _a611 R86
_wDEWEY
_c3
_i76273
_lCATALOGING
_mBUL
_p59.00
_r0
_sY
_tBOOK
_u2017-07-24
_xSALUD
_0COMPRA
_o.CIRCNOTE. El documento es de alto precio.
_o.STAFF. Colección Ciencias de la Salud
949 _a611 R86
_wDEWEY
_c4
_i76274
_lCATALOGING
_mBUL
_p59.00
_r0
_sY
_tBOOK
_u2017-07-24
_xSALUD
_0COMPRA
_o.CIRCNOTE. El documento es de alto precio.
_o.STAFF. Colección Ciencias de la Salud
980 _81
_gALBERTO SANCHEZ Responsable de Automatización
999 _c24684
_d24684